ADN : (Record no. 121017)

MARC details
000 -CABECERA
campo de control de longitud fija 01523ngm a2200229 a 4500
005 - FECHA Y HORA DE LA ÚLTIMA TRANSACCIÓN
campo de control 20210223130129.0
008 - ELEMENTOS DE LONGITUD FIJA--INFORMACIÓN GENERAL
campo de control de longitud fija 070125s2003 ea 105 aaspa d
035 ## - NÚMERO DE CONTROL DEL SISTEMA
Número de control de sistema UPN01000148876
049 ## - COLECCIÓN
Colección AV
050 #4 - SIGNATURA TOPOGRÁFICA DE LA BIBLIOTECA DEL CONGRESO
Número de clasificación DVD QP 53
245 00 - MENCIÓN DE TÍTULO
Título ADN :
Resto del título el precio de la evolución /
Mención de responsabilidad, etc. dir. Nic Young
260 ## - PUBLICACIÓN, DISTRIBUCIÓN, ETC.
Lugar de publicación, distribución, etc. [E.U.A.] :
Nombre del editor, distribuidor, etc. Discovery Channel,
Fecha de publicación, distribución, etc. c2003.
300 ## - DESCRIPCIÓN FÍSICA
Extensión 1 DVD (105 min.) :
Otras características físicas son., col. ;
Dimensiones 4 3/4 plg.
500 ## - NOTA GENERAL
Nota general Características especiales: idiomas español e inglés, menús interactivos y avances
520 ## - NOTA DE RESUMEN, ETC.
Sumario, etc. El ser humano siempre ha estado atado a su código genético, desde los primeros hombres que caminaron sobre la faz de la tierra. Gracias al estudio del genoma humano y sus aplicaciones, quizá ya no tenga que estarlo por más tiempo. El presente DVD es un documental que a través de casos reales, muestra los avances en el terreno de la salud, como son: la prevención y diagnostico de enfermedades como el cáncer, diabetes, obesidad y otras enfermedades hereditarias. Muestra un futuro donde se diseñarán humanos cada vez más sanos y perfectos. El conocimiento en la genética promete un futuro perfecto, sin embargo, su mal uso podría desencadenar a la larga el abuso por algunas empresas y un nuevo tipo de discriminación social que mermará los beneficios y avances genéticos ganados
533 ## - NOTA DE REPRODUCCIÓN
Tipo de reproducción Región 1 y 4
534 ## - NOTA SOBRE LA VERSIÓN ORIGINAL
Frase introductoria Título original:
Mención de título del original DNA
650 #4 - ASIENTO SECUNDARIO DE MATERIA - TERMINO TEMATICO
Término de materia o nombre geográfico como elemento de entrada ADN
9 (RLIN) 116
650 #4 - ASIENTO SECUNDARIO DE MATERIA - TERMINO TEMATICO
Término de materia o nombre geográfico como elemento de entrada DOCUMENTALES POR TELEVISION
9 (RLIN) 5921
700 1# - ASIENTO SECUNDARIO--NOMBRE DE PERSONAL
Nombre de persona Young, Nic,
Término indicativo de función/relación dir.
905 ## - TIPO DE MATERIAL
Tipo de material Audiovisuales
Holdings
Estado de retiro Estado de pérdida Fuente del sistema de clasificación o colocación Estado dañado No para préstamo Código de colección Localización permanente Ubicación/localización actual Ubicación en estantería Total de préstamos Clasificación Código de barras Fecha visto por última vez Número de copia Tipo de ítem Koha
    Library of Congress Classification     Audiovisuales Bib. Gregorio Torres Quintero Bib. Gregorio Torres Quintero Audiovisual   DVD QP 53 244537 31/12/2020 1 Formato Digital